000 00650nam a2200193 i 4500
001 182277
003 ES-MaACL
005 20230906221554.0
008 130730s1983 pr |||| | spa d
245 0 0 _aDel álbum de Itín /
_canotaciones de Carlos Félix Mendoza Tió y René Torres Delgado.
260 _aSan Juan, Puerto Rico :
_bHipatia,
_c1983.
300 _a19 p. :
_bil. ;
_c22 cm.
490 1 _aArchivo historicoliterario ;
_v8
700 0 _aMendoza Tió, Carlos F.
_980268
700 0 _aTorres Delgado, René.
_9110947
830 0 _aArchivo historicoliterario ;
_v8
_9224817
852 _aES-MaACL
_j2316-F-25
999 _c182277
_d182277